Οι καλοί τρόποι για τα μικρά παιδιά
Αποθηκεύτηκε σε:
| Κύριος συγγραφέας: | |
|---|---|
| Μορφή: | Βιβλίο |
| Γλώσσα: | Greek Italian |
| Δημοσίευση: |
Αθήνα :
Στρατίκης,
[1993].
|
| Σειρά: | (Παιδική Εγκυκλοπαίδεια Στρατίκη ;
9) |
| Θέματα: | |
| Ετικέτες: |
Προσθήκη ετικέτας
Δεν υπάρχουν, Καταχωρήστε ετικέτα πρώτοι!
|
MARC
| LEADER | 00000cam a2200000 a 4500 | ||
|---|---|---|---|
| 001 | 1/119228 | ||
| 008 | 190618s1993####gr | ||| |||| ||gre|| | ||
| 020 | |a 9603270210 |q (σκληρό εξώφυλλο) | ||
| 040 | |a GR-MyUa |b gre |c GR-MyUa |e AACR2 | ||
| 041 | 1 | |a gre |h ita | |
| 082 | 7 | |a 030.083 |2 (23) | |
| 100 | 1 | |a Mancinotti, Susanna, |d 1949- | |
| 245 | 0 | 3 | |a Οι καλοί τρόποι για τα μικρά παιδιά / |c ιδέες και κείμενα Susanna Mancinotti. |
| 260 | |a Αθήνα : |b Στρατίκης, |c [1993]. | ||
| 300 | |a 47 σ. : |b εικ. ; |c 28 εκ. | ||
| 490 | 0 | |a (Παιδική Εγκυκλοπαίδεια Στρατίκη ; |v 9) | |
| 650 | 0 | |a Etiquette for children and teenagers. | |
| 650 | 0 | |a Children |x Conduct of life. | |
| 852 | |a INST |b LEMNOS |e 20190618 |h 030.083 MAN |p 005600002293 |q 005600002293 |t REF |y 23 | ||
| 970 | |a Ξενιτοπούλου |b Κωνσταντία |z 18/06/2019 | ||